Доля наземных разрядов в грозах при различных синоптических условиях; Труды Западно-Сибирского регионального научно-исследовательского гидрометеорологического института; Вып. 36

Dades bibliogràfiques
Parent link:Труды Западно-Сибирского регионального научно-исследовательского гидрометеорологического института.— , 1978
Вып. 36.— 1978.— С. 89-94
Autor principal: Алехина Н. М.
Altres autors: Дульзон А. А. Альфред Андреевич, Потапкин В. И.
Sumari:В фонде НТБ ТПУ отсутствует
Idioma:rus
Publicat: 1978
Matèries:
Format: MixedMaterials Capítol de llibre
KOHA link:https://koha.lib.tpu.ru/cgi-bin/koha/opac-detail.pl?biblionumber=598193

MARC

LEADER 00000naa0a2200000 4500
001 598193
005 20250303115640.0
035 |a (RuTPU)RU\TPU\tpu\21744 
090 |a 598193 
100 |a 20120912d1978 k||y0rusy50 ca 
101 0 |a rus 
102 |a RU 
200 1 |a Доля наземных разрядов в грозах при различных синоптических условиях  |f Н. М. Алехина, А. А. Дульзон, В. И. Потапкин 
333 |a В фонде НТБ ТПУ отсутствует 
461 |t Труды Западно-Сибирского регионального научно-исследовательского гидрометеорологического института  |d 1978 
463 |t Вып. 36  |v С. 89-94  |d 1978 
610 1 |a труды учёных ТПУ 
700 1 |a Алехина  |b Н. М. 
701 1 |a Дульзон  |b А. А.  |c специалист в области техники высоких напряжений, управления проектами, управления персоналом  |c профессор Томского политехнического университета, доктор технических наук  |f 1937-2019  |g Альфред Андреевич  |3 (RuTPU)RU\TPU\pers\21958  |9 9277 
701 1 |a Потапкин  |b В. И. 
801 1 |a RU  |b 63413507  |c 20120912 
801 2 |a RU  |b 63413507  |c 20120912  |g RCR 
942 |c CR